[Event "Open Loire 2008-2009"]
[Site "Loire"]
[Date "2008.11.15"]
[Round "2.12"]
[White "Buisine, Roman"]
[Black "Daillere, Roland"]
[Result "0-1"]
[WhiteElo "1620"]
[BlackElo "1320"]
[PlyCount "138"]
[EventDate "2008.11.15"]

1. e4 Nc6 2. d4 d5 3. exd5 Qxd5 4. Nf3 Bg4 5. Be3 Bxf3 6. Qxf3 Qxf3 7. gxf3
O-O-O 8. c3 e5 9. dxe5 Nxe5 10. f4 Nd3+ 11. Bxd3 Rxd3 12. Ke2 Rd7 13. Nd2 Nf6
14. Nf3 Bd6 15. Nd4 Re8 16. Kd3 Ng4 17. h3 Nxe3 18. fxe3 Bc5 19. Rae1 Bb6 20.
Kc2 c5 21. Nf5 g6 22. Ng3 c4 23. e4 Bf2 24. Ne2 Bxe1 25. Rxe1 Rxe4 26. b3 cxb3+
27. axb3 Re3 28. h4 Rdd3 29. Kb2 Rd2+ 30. Ka3 Rexe2 31. Rg1 b5 32. Kb4 Re4+ 33.
Kxb5 Rd5+ 34. Kc6 Rd3 35. Rc1 Ree3 36. Ra1 Rxc3+ 37. Kd6 Red3+ 38. Ke7 Rc7+ 39.
Kf6 Rxb3 40. Re1 Kb7 41. Kg7 Rb5 42. Kxh7 f5+ 43. Kxg6 Rc6+ 44. Kg7 Rb4 45. Rf1
a5 46. h5 Rc7+ 47. Kh8 Rb6 48. Re1 a4 49. Ra1 Kc6 50. Rc1+ Kb7 51. Ra1 Ra6 52.
Rb1+ Ka7 53. Rb2 Rb6 54. Rxb6 Kxb6 55. h6 a3 56. h7 Rxh7+ 57. Kxh7 a2 58. Kg6
a1=Q 59. Kxf5 Qd4 60. Kg4 Qg7+ 61. Kf5 Kc6 62. Ke6 Qh6+ 63. Ke5 Kd7 64. Kf5 Ke7
65. Ke5 Qf6+ 66. Ke4 Ke6 67. Ke3 Qf5 68. Kf3 Kd5 69. Ke3 Qe4+ 0-1

[Event "Open Loire 2008-2009"]
[Site "Loire"]
[Date "2008.11.15"]
[Round "2.13"]
[White "Boeuf, Jean Julien"]
[Black "Desassis, Jean-Francois"]
[Result "1-0"]
[WhiteElo "1270"]
[BlackElo "1570"]
[PlyCount "49"]
[EventDate "2008.??.??"]

1. e4 c5 2. Nf3 d6 3. Nc3 Nc6 4. Bb5 Bd7 5. d4 Nxd4 6. Nxd4 cxd4 7. Bxd7+ Qxd7
8. Qxd4 Nf6 9. Bg5 g6 10. Bxf6 exf6 11. Qxf6 Rg8 12. O-O-O Be7 13. Qd4 Qg4 14.
Qa4+ Kf8 15. g3 Kg7 16. Rhe1 Qh3 17. e5 dxe5 18. Rxe5 Bf6 19. Red5 Qxh2 20. Rd7
Qxf2 21. Qc4 Bg5+ 22. Kb1 Raf8 23. Ne4 Qe2 24. Qc5 Bh6 25. Qe5# 1-0

[Event "Open Loire 2008-2009"]
[Site "Loire"]
[Date "2008.11.15"]
[Round "2.14"]
[White "Swietlicki, Jordan"]
[Black "Joly, Christian"]
[Result "0-1"]
[WhiteElo "1250"]
[BlackElo "1550"]
[PlyCount "92"]
[EventDate "2008.??.??"]

1. e4 d6 2. d4 Nf6 3. Nc3 g6 4. Nf3 Bg7 5. Be2 O-O 6. O-O c6 7. Be3 Ng4 8. Bd2
Nd7 9. h3 Ngf6 10. a3 e5 11. Be3 Re8 12. d5 Rb8 13. b4 cxd5 14. Nxd5 b6 15. Nc3
Bb7 16. Qd3 Rc8 17. Qd2 Nxe4 18. Nxe4 Bxe4 19. c4 Nf6 20. Ng5 Bb7 21. Rac1 h6
22. Bf3 Bxf3 23. Nxf3 Kh7 24. Ne1 Ne4 25. Qd1 f5 26. f4 Rc7 27. fxe5 dxe5 28.
Qxd8 Rxd8 29. Nf3 Ng3 30. Rfe1 f4 31. Bd2 Re8 32. a4 Rd7 33. Bc3 e4 34. Bxg7
Kxg7 35. c5 Rc8 36. c6 Rd6 37. Ne5 Kf6 38. Nd7+ Ke7 39. b5 Rxd7 40. cxd7 Rxc1
41. Rxc1 Ne2+ 42. Kf1 Nxc1 43. d8=Q+ Kxd8 44. Kf2 e3+ 45. Ke1 Na2 46. Ke2 Nc3+
0-1

[Event "Open Loire 2008-2009"]
[Site "Loire"]
[Date "2008.11.15"]
[Round "2.15"]
[White "Victoria, Philippe"]
[Black "Paratcha, Yohan"]
[Result "0-1"]
[WhiteElo "1199"]
[BlackElo "1440"]
[PlyCount "64"]
[EventDate "2008.??.??"]

1. e4 c6 2. d4 d5 3. Nc3 Nf6 4. Bd3 Nbd7 5. e5 Ng8 6. Bf4 e6 7. Nf3 c5 8. Qd2
Qb6 9. b3 cxd4 10. Ne2 Bb4 11. Nexd4 Bxd2+ 12. Bxd2 Ne7 13. Be3 Nc5 14. O-O O-O
15. Bg5 Re8 16. Rad1 Nf5 17. Nxf5 exf5 18. Be2 Be6 19. c4 Qc6 20. b4 Ne4 21.
Bf4 dxc4 22. Rc1 c3 23. h3 Bxa2 24. g4 Rad8 25. gxf5 Nd2 26. f6 Nxf3+ 27. Bxf3
Qxf3 28. Bg5 h6 29. Bh4 g5 30. Bg3 b5 31. Ra1 Bd5 32. e6 Rxe6 0-1

[Event "Open Loire 2008-2009"]
[Site "Loire"]
[Date "2008.11.15"]
[Round "2.16"]
[White "Rasle, Corentin"]
[Black "Choquelle, Jean"]
[Result "1-0"]
[WhiteElo "1420"]
[BlackElo "1140"]
[PlyCount "83"]
[EventDate "2008.??.??"]

1. d4 d5 2. c4 Nf6 3. Nc3 e6 4. Bg5 a6 5. Bxf6 Qxf6 6. cxd5 Bb4 7. dxe6 Bxe6 8.
Nf3 Nc6 9. e3 O-O 10. Be2 Rad8 11. O-O Rd7 12. Qc2 g6 13. a3 Ba5 14. Rfd1 Rfd8
15. Rd2 Bb6 16. Rad1 Bxd4 17. exd4 Rxd4 18. Nxd4 Nxd4 19. Rxd4 Rxd4 20. Bf1 Bf5
21. Qe2 h5 22. Qe3 Rh4 23. g3 Rh3 24. Bg2 Kg7 25. Bxh3 Bxh3 26. Qd4 c5 27.
Qxf6+ Kxf6 28. Ne4+ Kf5 29. Nxc5 Bg4 30. Rd5+ Kf6 31. Nxb7 Bf3 32. Rd6+ Ke5 33.
Rb6 g5 34. Nd8 f6 35. Nf7+ Kf5 36. Rxa6 g4 37. Ra5+ Kg6 38. Ne5+ fxe5 39. Rxe5
Kh6 40. b4 h4 41. b5 hxg3 42. hxg3 1-0

[Event "Open Loire 2008-2009"]
[Site "Loire"]
[Date "2008.11.15"]
[Round "2.17"]
[White "Massard, Quentin"]
[Black "Mougne, William"]
[Result "1-0"]
[WhiteElo "1190"]
[BlackElo "1399"]
[PlyCount "121"]
[EventDate "2008.??.??"]

1. g3 g6 2. Bg2 Bg7 3. Nf3 Nf6 4. O-O O-O 5. b3 b6 6. Bb2 d6 7. Nc3 Be6 8. d4
d5 9. Re1 Nc6 10. e4 Bg4 11. h3 Nxd4 12. Qxd4 Bxf3 13. Bxf3 dxe4 14. Qxd8 Raxd8
15. Nxe4 Nxe4 16. Bxe4 Bxb2 17. Rad1 Bc3 18. Rf1 Rd4 19. Rxd4 Bxd4 20. Rd1 e5
21. Rd3 f5 22. Bd5+ Kg7 23. c3 Bc5 24. Bg2 e4 25. Rd7+ Rf7 26. Rxf7+ Kxf7 27.
b4 Bd6 28. f3 e3 29. Kf1 c5 30. b5 c4 31. Ke2 Bc5 32. f4 a6 33. bxa6 b5 34.
Bd5+ Ke7 35. a3 h6 36. h4 Kd6 37. Bf7 g5 38. hxg5 hxg5 39. fxg5 Ke7 40. g6 Kf8
41. Be6 f4 42. gxf4 Kg7 43. f5 b4 44. axb4 Bxb4 45. a7 Bxc3 46. a8=Q Bd4 47.
Bxc4 Kf6 48. Qd8+ Kxf5 49. Qxd4 Kxg6 50. Qxe3 Kf5 51. Bd3+ Kf6 52. Kf2 Kf7 53.
Kf3 Kf6 54. Kf4 Kf7 55. Kf5 Kg7 56. Qe7+ Kh6 57. Qf6+ Kh7 58. Kg5+ Kg8 59. Bc4+
Kh7 60. Qg6+ Kh8 61. Qg8# 1-0

[Event "Open Loire 2008-2009"]
[Site "Loire"]
[Date "2008.11.15"]
[Round "2.18"]
[White "Bec, Jimmy"]
[Black "Rogues, Jean-Luc"]
[Result "1-0"]
[WhiteElo "1110"]
[BlackElo "1390"]
[PlyCount "45"]
[EventDate "2008.??.??"]

1. d4 d5 2. c4 e6 3. Nc3 Bb4 4. Bd2 Bd7 5. a3 Be7 6. e4 dxe4 7. Nxe4 Nf6 8. Bd3
Nc6 9. Nf3 O-O 10. O-O Nxe4 11. Bxe4 Bf6 12. Bc3 Rb8 13. Re1 Re8 14. Bc2 Bc8
15. Qd3 g6 16. Re4 b6 17. Rae1 Bb7 18. Rf4 Bg5 19. Rfe4 a5 20. d5 Na7 21. R4e2
Qd6 22. Nxg5 Bc8 23. Qd4 1-0

[Event "Open Loire 2008-2009"]
[Site "Loire"]
[Date "2008.11.15"]
[Round "2.19"]
[White "Allabrune, Guillaume"]
[Black "Desassis, Emmeran"]
[Result "0-1"]
[WhiteElo "1340"]
[BlackElo "1070"]
[PlyCount "68"]
[EventDate "2008.??.??"]

1. e4 e6 2. Nf3 Nc6 3. Nc3 Nge7 4. d3 g6 5. Be2 Bg7 6. Be3 Rf8 7. Ng5 h6 8. Nf3
a6 9. O-O b5 10. a3 f5 11. Qd2 a5 12. Bxh6 Bxh6 13. Qxh6 f4 14. Qxf4 Rxf4 15.
Nxb5 Rb8 16. a4 Nb4 17. g3 Nxc2 18. gxf4 Nxa1 19. Rxa1 Kf7 20. Ng5+ Kf6 21. h3
Qh8 22. e5+ Kf5 23. Bg4+ Kxf4 24. Nf3 Bb7 25. Nfd4 c5 26. Re1 cxd4 27. Nxd4 Nf5
28. Ne2+ Kg5 29. Rb1 Qc8 30. Rc1 Qd8 31. Rb1 Bd5 32. Nc1 Qc7 33. Ne2 Qb7 34.
f4+ Kh6 0-1

[Event "Open Loire 2008-2009"]
[Site "Loire"]
[Date "2008.12.20"]
[Round "3.1"]
[White "Moleins, Jean-Pierre"]
[Black "Perez, Christian"]
[Result "1-0"]
[WhiteElo "1640"]
[BlackElo "1500"]
[PlyCount "71"]
[EventDate "2008.??.??"]

1. g3 e5 2. Bg2 d5 3. d3 Nf6 4. e3 Nc6 5. Ne2 Be7 6. O-O Be6 7. Nd2 Qd7 8. b3
O-O-O 9. c3 h5 10. d4 e4 11. c4 Bb4 12. Nf4 Bxd2 13. cxd5 Nxd5 14. Bxd2 Nxf4
15. gxf4 Bf5 16. Qc2 Qd5 17. Rac1 Rd7 18. b4 Ne7 19. Qa4 Kb8 20. Rc5 Qd6 21.
Ra5 a6 22. b5 c5 23. bxa6 b6 24. a7+ Ka8 25. Ra6 Qc7 26. Rb1 Rd6 27. dxc5 Rxd2
28. cxb6 Qb7 29. Ra5 Rd5 30. Rbb5 Rxb5 31. Qxb5 Bd7 32. Qe5 Nc6 33. Qxe4 Rb8
34. axb8=Q+ Kxb8 35. Ra7 Qxb6 36. Rxd7 1-0

[Event "Open Loire 2008-2009"]
[Site "Loire"]
[Date "2008.12.20"]
[Round "3.2"]
[White "Jan, Christophe"]
[Black "Gregoire, Patrick"]
[Result "1-0"]
[WhiteElo "1499"]
[BlackElo "1570"]
[PlyCount "39"]
[EventDate "2008.??.??"]

1. e4 e6 2. d4 d5 3. Nc3 Bb4 4. Bd3 Nf6 5. e5 Ne4 6. Nge2 c5 7. dxc5 Nxc5 8.
O-O Bd7 9. Nd4 a6 10. Qg4 g6 11. Bg5 Qb6 12. Nf3 Nxd3 13. cxd3 Bb5 14. Qxb4 Nc6
15. Qf4 Bxd3 16. Rfc1 Qc7 17. Qf6 Rg8 18. Na4 Rc8 19. Nc5 Bf5 20. Nxb7 1-0

[Event "Open Loire 2008-2009"]
[Site "Loire"]
[Date "2008.12.20"]
[Round "3.3"]
[White "Moleins, Adrien"]
[Black "Schlick, Paul"]
[Result "1-0"]
[WhiteElo "1563"]
[BlackElo "1320"]
[PlyCount "59"]
[EventDate "2008.??.??"]

1. b4 e5 2. Bb2 Bxb4 3. Bxe5 Nf6 4. e3 Nc6 5. Bb2 d5 6. Qf3 Bg4 7. Bxf6 Bxf3 8.
Bxd8 Bxg2 9. Bxg2 Rxd8 10. c3 Ba5 11. Nh3 O-O 12. Na3 a6 13. O-O Ne7 14. d4 b5
15. Nc2 c6 16. a3 Ra8 17. Nb4 Rfc8 18. Nd3 Ng6 19. a4 Rc7 20. Ra2 Rca7 21. Rfa1
Ne7 22. Nc5 Bb6 23. Nd3 Ba5 24. Bf3 f5 25. Bg2 g6 26. Nb4 Bxb4 27. cxb4 Kg7 28.
axb5 cxb5 29. Nf4 Kf8 30. Nxd5 1-0

[Event "Open Loire 2008-2009"]
[Site "Loire"]
[Date "2008.12.20"]
[Round "3.4"]
[White "Mazet, Christian"]
[Black "Ben Habchi, Nordine"]
[Result "1-0"]
[WhiteElo "1499"]
[BlackElo "1530"]
[PlyCount "37"]
[EventDate "2008.??.??"]

1. d4 e6 2. e4 d5 3. e5 c5 4. Bb5+ Bd7 5. Bxd7+ Nxd7 6. c3 f5 7. Nf3 h6 8. Nbd2
Ne7 9. Nh4 g5 10. Qh5+ Ng6 11. Nxg6 Nb6 12. Nxh8+ Kd7 13. Qf7+ Be7 14. Ng6 Nc8
15. h4 g4 16. Nf4 Kc6 17. Qxe6+ Kb5 18. a4+ Ka5 19. Nb3# 1-0

[Event "Open Loire 2008-2009"]
[Site "Loire"]
[Date "2008.12.20"]
[Round "3.5"]
[White "Chambosse, Alexis"]
[Black "Joly, Christian"]
[Result "1-0"]
[WhiteElo "1410"]
[BlackElo "1550"]
[PlyCount "63"]
[EventDate "2008.??.??"]

1. e4 d6 2. d4 Nf6 3. Nf3 g6 4. Nc3 Bg7 5. Bd3 O-O 6. O-O c6 7. e5 Nfd7 8. exd6
exd6 9. Re1 b6 10. Ne4 d5 11. Nd6 Ba6 12. Bf4 c5 13. dxc5 bxc5 14. Bxa6 Nxa6
15. Qxd5 Nb4 16. Qc4 Bxb2 17. Rab1 Bg7 18. Ng5 Ne5 19. Qxc5 Nbc6 20. Rbd1 Qe7
21. Bxe5 Qxg5 22. f4 Qg4 23. Qxc6 Rad8 24. Qf3 Qxf3 25. gxf3 f6 26. Bb2 Rb8 27.
Ba3 Rfd8 28. c4 Rb6 29. Nb5 Ra8 30. Rd6 Rb7 31. Rde6 Rbb8 32. Nc7 1-0

[Event "Open Loire 2008-2009"]
[Site "Loire"]
[Date "2008.12.20"]
[Round "3.6"]
[White "Carteron, Olivier"]
[Black "Boeuf, Jean Julien"]
[Result "1-0"]
[WhiteElo "1620"]
[BlackElo "1270"]
[PlyCount "61"]
[EventDate "2008.??.??"]

1. e4 d6 2. d4 Nf6 3. Bd3 e5 4. c3 Be7 5. f4 exd4 6. cxd4 Bg4 7. Nf3 Nc6 8. Be3
O-O 9. Nc3 Qc8 10. h3 Bh5 11. g4 Bxg4 12. hxg4 Nxg4 13. Bd2 Nb4 14. Bc1 c5 15.
e5 Nc6 16. Bxh7+ Kh8 17. Bf5+ Kg8 18. Bxc8 Raxc8 19. Ng5 Nh6 20. Qc2 Bxg5 21.
fxg5 Nxd4 22. Qd3 Nhf5 23. Qh3 f6 24. g6 Nh6 25. Bxh6 Rfe8 26. Bxg7 Rxe5+ 27.
Kf2 Rf5+ 28. Ke1 Re8+ 29. Kd1 Kxg7 30. Qh7+ Kf8 31. Qf7# 1-0

[Event "Open Loire 2008-2009"]
[Site "Loire"]
[Date "2008.12.20"]
[Round "3.7"]
[White "Paratcha, Yohan"]
[Black "Desassis, Maxence"]
[Result "0-1"]
[WhiteElo "1440"]
[BlackElo "1560"]
[PlyCount "88"]
[EventDate "2008.??.??"]

1. e4 c5 2. Nc3 Nc6 3. Nf3 d6 4. Bb5 a6 5. Bxc6+ bxc6 6. d4 cxd4 7. Nxd4 Bb7 8.
O-O Nf6 9. Nf5 g6 10. Ng3 Bg7 11. Re1 O-O 12. Bg5 Qb6 13. Rb1 Rab8 14. e5 dxe5
15. Rxe5 Nd5 16. Re1 Qc5 17. Nge4 Qa5 18. Nxd5 cxd5 19. Ng3 e6 20. a3 d4 21.
Ne4 Bxe4 22. Rxe4 Qxg5 23. h4 Qf5 24. Re2 Rfd8 25. b4 d3 26. cxd3 Rxd3 27. Qf1
Rbd8 28. Ra2 Qd5 29. g3 Qxa2 30. Re1 Qc2 31. Re2 Qd1 32. Re1 Qxe1 33. Qxe1 Rd1
34. Qxd1 Rxd1+ 35. Kg2 Rd3 36. a4 Rb3 37. b5 axb5 38. axb5 Rxb5 39. Kh3 Rb4 40.
Kg2 Bf6 41. Kh3 h5 42. Kg2 Bxh4 43. gxh4 Rxh4 44. f3 g5 0-1

[Event "Open Loire 2008-2009"]
[Site "Loire"]
[Date "2008.12.20"]
[Round "3.8"]
[White "Megnot, Philippe"]
[Black "Volay, Pascal"]
[Result "0-1"]
[WhiteElo "1510"]
[BlackElo "1410"]
[PlyCount "88"]
[EventDate "2008.??.??"]

1. d4 d5 2. Nf3 Nf6 3. c4 c6 4. cxd5 cxd5 5. Nc3 Nc6 6. g3 e6 7. a3 Be7 8. Bg2
a6 9. O-O O-O 10. Re1 Bd7 11. Bf4 Bc8 12. Rb1 Bd6 13. e3 Bxf4 14. exf4 b5 15.
Na2 Bd7 16. Nc1 Na5 17. Nd3 Nb7 18. Nfe5 Ne8 19. b4 f6 20. Ng4 Rc8 21. Nc5 Nxc5
22. bxc5 Rc6 23. Qb3 f5 24. Ne5 Rc8 25. Rbc1 Bc6 26. Re2 g6 27. Rce1 Ng7 28.
Nf3 Re8 29. Ng5 Bd7 30. Rc2 Rc6 31. Rce2 Re7 32. Bxd5 Rc7 33. Bxe6+ Bxe6 34.
Nxe6 Nxe6 35. Rxe6 Kf8 36. Rxe7 Rxe7 37. Rxe7 Qxe7 38. Qe3 Qxe3 39. fxe3 a5 40.
Kf2 b4 41. axb4 a4 42. c6 Ke7 43. Ke2 a3 44. b5 Kd6 0-1

[Event "Open Loire 2008-2009"]
[Site "Loire"]
[Date "2008.12.20"]
[Round "3.9"]
[White "Brachet, Gerard"]
[Black "Liogier, Pascal"]
[Result "1-0"]
[WhiteElo "1390"]
[BlackElo "1499"]
[PlyCount "81"]
[EventDate "2008.??.??"]

1. e4 c6 2. d4 d5 3. e5 h6 4. Nf3 Nd7 5. c4 e6 6. Nc3 dxc4 7. Bxc4 Nb6 8. Bb3
Ne7 9. O-O Ned5 10. Nxd5 Nxd5 11. a3 Be7 12. Qd3 Qc7 13. Bd2 Bd7 14. Rac1 Qb6
15. Rc2 a5 16. Rfc1 Qa6 17. Qxa6 Rxa6 18. Bxd5 cxd5 19. g3 O-O 20. Rc7 Rd8 21.
Rxb7 Bf8 22. b4 axb4 23. axb4 Ba4 24. Rcc7 Be8 25. b5 Ra1+ 26. Kg2 Rda8 27. b6
Rb1 28. Ra7 Rb8 29. b7 f6 30. Rc8 R1xb7 31. Rxe8 Rxe8 32. Rxb7 Re7 33. Rb8 f5
34. Bb4 Rf7 35. Nh4 g5 36. Ng6 Kg7 37. Nxf8 Rxf8 38. Rxf8 h5 39. h4 g4 40. Rf6
Kh7 41. Rxe6 1-0

[Event "Open Loire 2008-2009"]
[Site "Loire"]
[Date "2008.12.20"]
[Round "3.10"]
[White "Trottet, Francois"]
[Black "Massard, Quentin"]
[Result "1-0"]
[WhiteElo "1470"]
[BlackElo "1190"]
[PlyCount "29"]
[EventDate "2008.??.??"]

1. e4 e5 2. Nf3 Nc6 3. Bb5 Nge7 4. O-O d6 5. d4 a6 6. Ba4 b5 7. Bb3 d5 8. Re1
Be6 9. exd5 Bg4 10. dxc6 Bxf3 11. Bxf7+ Kxf7 12. Qxf3+ Ke8 13. dxe5 Ng6 14. e6
Qe7 15. Bg5 1-0

[Event "Open Loire 2008-2009"]
[Site "Loire"]
[Date "2008.12.20"]
[Round "3.11"]
[White "Daillere, Roland"]
[Black "Martin, Julien"]
[Result "0-1"]
[WhiteElo "1320"]
[BlackElo "1460"]
[PlyCount "110"]
[EventDate "2008.??.??"]

1. e4 e5 2. f4 d6 3. Nf3 Nc6 4. Bc4 h6 5. d4 Nxd4 6. O-O Nxf3+ 7. Qxf3 Qf6 8.
b3 Ne7 9. fxe5 Qxf3 10. Rxf3 Be6 11. Bxe6 fxe6 12. exd6 cxd6 13. Bf4 Nc6 14.
Nc3 g5 15. Be3 Bg7 16. Bd2 Nd4 17. Rd3 Ne2+ 18. Kh1 Nxc3 19. Bxc3 Bxc3 20. Rxc3
O-O 21. h3 Rac8 22. Rxc8 Rxc8 23. c4 Rf8 24. Rd1 Rd8 25. c5 d5 26. a4 d4 27.
Kg1 d3 28. Kf2 d2 29. Ke3 Rc8 30. b4 b6 31. Rxd2 bxc5 32. bxc5 Rxc5 33. Rd8+
Kf7 34. Rd7+ Kf6 35. Rxa7 Rc2 36. g4 Ke5 37. Ra5+ Kd6 38. e5+ Kc7 39. Ra6 Kd7
40. Ra7+ Ke8 41. Rh7 Rc3+ 42. Kd4 Rxh3 43. a5 Rh4 44. Kc5 Rxg4 45. Kd6 Kf8 46.
a6 Ra4 47. Ra7 g4 48. Kxe6 g3 49. Ra8+ Kg7 50. Rd8 Rxa6+ 51. Kf5 g2 52. Rd7+
Kf8 53. Rd1 Ra2 54. Kg6 Rf2 55. Rd8+ Ke7 0-1

[Event "Open Loire 2008-2009"]
[Site "Loire"]
[Date "2008.12.20"]
[Round "3.12"]
[White "Desassis, Emmeran"]
[Black "Laffin, Mickael"]
[Result "1-0"]
[WhiteElo "1070"]
[BlackElo "1199"]
[PlyCount "49"]
[EventDate "2008.??.??"]

1. d4 d5 2. Nf3 Nc6 3. e3 Nf6 4. Nbd2 e6 5. b3 Bb4 6. c3 Bxc3 7. Rb1 Nb4 8. Ba3
Nxa2 9. Bb5+ Bd7 10. Bxd7+ Qxd7 11. Ne5 Qb5 12. Bc5 Bxd2+ 13. Qxd2 Nb4 14. Bxb4
b6 15. Rc1 Rc8 16. Nc6 a5 17. Na7 Qa6 18. Nxc8 Qxc8 19. O-O Ng4 20. f3 Nh6 21.
e4 dxe4 22. fxe4 Ng4 23. Qf4 e5 24. Qxf7+ Kd8 25. Qe7# 1-0

[Event "Open Loire 2008-2009"]
[Site "Loire"]
[Date "2008.12.20"]
[Round "3.13"]
[White "Bader, Gaetan"]
[Black "Buisine, Roman"]
[Result "0-1"]
[WhiteElo "1230"]
[BlackElo "1620"]
[PlyCount "100"]
[EventDate "2008.??.??"]

1. e4 e5 2. Nf3 Nc6 3. Nc3 Bb4 4. Bb5 Nf6 5. O-O O-O 6. a3 Bxc3 7. dxc3 d6 8.
Bd3 Be6 9. Bg5 h6 10. Bxf6 Qxf6 11. b4 Rad8 12. c4 Rd7 13. b5 Na5 14. Qe2 c6
15. a4 d5 16. cxd5 cxd5 17. exd5 Bxd5 18. c4 Bxf3 19. Qxf3 Qxf3 20. gxf3 Rxd3
21. Rad1 Rfd8 22. Rde1 Nxc4 23. Ra1 Rxf3 24. a5 Rfd3 25. Rfb1 R8d5 26. b6 a6
27. Rc1 Rxa5 28. Rxa5 Nxa5 29. Rc8+ Kh7 30. Rc7 Kg6 31. Rc5 Nc6 32. Kf1 Rb3 33.
Rd5 Rxb6 34. Rd6+ f6 35. Kg2 a5 36. Rd1 a4 37. Ra1 Ra6 38. Kg3 a3 39. f4 exf4+
40. Kxf4 a2 41. Ke4 Nb4 42. Kd4 Nc2+ 43. Kc3 Nxa1 44. Kb2 f5 45. Kxa1 Rb6 46.
Kxa2 f4 47. h3 f3 48. Ka3 f2 49. Ka4 f1=Q 50. Ka5 Qa6# 0-1

[Event "Open Loire 2008-2009"]
[Site "Loire"]
[Date "2008.12.20"]
[Round "3.14"]
[White "Chabas, Jean-Luc"]
[Black "Allabrune, Guillaume"]
[Result "1-0"]
[WhiteElo "1580"]
[BlackElo "1340"]
[PlyCount "79"]
[EventDate "2008.??.??"]

1. e4 e5 2. Nf3 Nc6 3. Bb5 Nge7 4. c3 d6 5. h3 Bd7 6. O-O Qc8 7. Kh2 f5 8. d3
f4 9. d4 a6 10. Ba4 b5 11. Bc2 Ng6 12. Nbd2 Be7 13. b3 Nh4 14. Rg1 g5 15. Nxh4
gxh4 16. Qh5+ Kd8 17. Nf3 Be8 18. Qg4 Bd7 19. Qg7 Rf8 20. dxe5 dxe5 21. Nxe5
Nxe5 22. Qxe5 Bd6 23. Qg7 f3+ 24. e5 Be6 25. exd6 Rf7 26. Qg8+ Kd7 27. Qxc8+
Rxc8 28. Be3 cxd6 29. Bd4 b4 30. c4 d5 31. c5 Rf4 32. Be3 Rf7 33. Rad1 Kc6 34.
Bb1 d4 35. Rxd4 Kxc5 36. Rf4+ Kb5 37. Bd3+ Ka5 38. Rxf7 Bxf7 39. gxf3 Rc3 40.
Rg5+ 1-0

[Event "Open Loire 2008-2009"]
[Site "Loire"]
[Date "2008.12.20"]
[Round "3.15"]
[White "Desassis, Jean-Francois"]
[Black "Swietlicki, Jordan"]
[Result "1-0"]
[WhiteElo "1570"]
[BlackElo "1250"]
[PlyCount "88"]
[EventDate "2008.??.??"]

1. d4 d5 2. Nc3 Nf6 3. Bf4 e6 4. Nb5 Bd6 5. Nxd6+ cxd6 6. e3 Nc6 7. Nf3 O-O 8.
Be2 h6 9. O-O a6 10. Qd3 b5 11. a4 b4 12. c3 a5 13. cxb4 Nxb4 14. Qb3 Ba6 15.
Bxa6 Rxa6 16. Ne1 Ne4 17. Qd1 Rc6 18. Nd3 Qb6 19. f3 Nf6 20. Nxb4 Qxb4 21. Rc1
Rxc1 22. Qxc1 Nd7 23. Qc6 Nb8 24. Qb5 Qxb5 25. axb5 Rd8 26. Rc1 g5 27. Bg3 Kg7
28. Rc7 Rd7 29. Rc8 Rb7 30. Bxd6 Nd7 31. Rc7 Rxc7 32. Bxc7 f6 33. Bxa5 e5 34.
Bc7 Kf7 35. b6 Nxb6 36. Bxb6 Ke6 37. b4 Kd6 38. Kf2 Kc6 39. Bc5 h5 40. Kg3 f5
41. dxe5 h4+ 42. Kf2 f4 43. e6 fxe3+ 44. Kxe3 Kc7 1-0

[Event "Open Loire 2008-2009"]
[Site "Loire"]
[Date "2008.12.20"]
[Round "3.16"]
[White "Mougne, William"]
[Black "Victoria, Philippe"]
[Result "1-0"]
[WhiteElo "1399"]
[BlackElo "1199"]
[PlyCount "51"]
[EventDate "2008.??.??"]

1. d4 d5 2. g3 g6 3. Bg2 Nf6 4. Nf3 Bg7 5. O-O O-O 6. Nc3 Bg4 7. Ne5 Be6 8. Bg5
c6 9. e4 h6 10. Bxf6 exf6 11. exd5 fxe5 12. dxe6 fxe6 13. dxe5 Qxd1 14. Raxd1
Bxe5 15. Rfe1 Nd7 16. Rxd7 Bf6 17. Rxe6 b5 18. Bxc6 b4 19. Nd5 Bxb2 20. Bxa8
Rxa8 21. Nxb4 a5 22. Rxg6+ Kf8 23. Nc6 a4 24. Rxh6 Ke8 25. Rb7 Bc1 26. Rh8# 1-0

[Event "Open Loire 2008-2009"]
[Site "Loire"]
[Date "2008.12.20"]
[Round "3.17"]
[White "Rogues, Jean-Luc"]
[Black "Geraci, Georges"]
[Result "1-0"]
[WhiteElo "1390"]
[BlackElo "1140"]
[PlyCount "91"]
[EventDate "2008.??.??"]

1. d4 d5 2. c4 Nc6 3. e3 e6 4. Bd3 f5 5. a3 Nf6 6. b4 b6 7. Nf3 h6 8. Qc2 Bb7
9. cxd5 Nxd5 10. Nc3 a6 11. Nxd5 Qxd5 12. O-O Qd8 13. Bb2 Be7 14. e4 Bf6 15. e5
Be7 16. b5 Na5 17. Bc3 O-O 18. Bxa5 Qd5 19. Bc3 a5 20. Qe2 Qb3 21. Bb2 Rfd8 22.
Bc4 Qxc4 23. Qxc4 Bd5 24. Qxc7 Re8 25. Qxb6 Rec8 26. Rac1 Kh7 27. Rc7 Bd8 28.
Rxc8 Bxb6 29. Rxa8 Bxa8 30. Nd2 Bd5 31. Rc1 a4 32. Nc4 Bd8 33. Nd6 Bg5 34. Rc8
f4 35. b6 f3 36. g3 Bd2 37. b7 Bxb7 38. Nxb7 Ba5 39. Nc5 Bb6 40. Nxe6 Kg6 41.
d5 Kf5 42. Nxg7+ Ke4 43. d6 Kd3 44. e6 Ke2 45. Rc2+ Kd1 46. e7 1-0

[Event "Open Loire 2008-2009"]
[Site "Loire"]
[Date "2008.12.20"]
[Round "4.1"]
[White "Jan, Christophe"]
[Black "Moleins, Jean-Pierre"]
[Result "0-1"]
[WhiteElo "1499"]
[BlackElo "1640"]
[PlyCount "70"]
[EventDate "2008.??.??"]

1. e4 e5 2. Nf3 Nc6 3. Bb5 Nf6 4. O-O Bd6 5. Nc3 Ne7 6. d3 c6 7. Bc4 b5 8. Bb3
a5 9. a3 Bb7 10. Bg5 h6 11. Bxf6 gxf6 12. Nh4 Qc7 13. Qf3 O-O-O 14. Bxf7 Rdf8
15. Bg6 Rhg8 16. Bf5 Rg5 17. Ne2 c5 18. Rfc1 c4 19. Ng3 Rfg8 20. Qe2 Nc6 21. c3
a4 22. dxc4 Na5 23. Rd1 Nxc4 24. Nf3 R5g7 25. Ne1 Rg5 26. Nd3 h5 27. h4 R5g7
28. Nb4 Qc5 29. Nd5 Rxg3 30. Bxd7+ Kb8 31. Ne3 Nxe3 32. fxe3 Bxe4 33. Qxb5+
Qxb5 34. Bxb5 Rxg2+ 35. Kf1 Rg1+ 0-1

[Event "Open Loire 2008-2009"]
[Site "Loire"]
[Date "2008.12.20"]
[Round "4.2"]
[White "Chambosse, Alexis"]
[Black "Moleins, Adrien"]
[Result "0-1"]
[WhiteElo "1410"]
[BlackElo "1563"]
[PlyCount "68"]
[EventDate "2008.??.??"]

1. e4 e5 2. Nf3 Nc6 3. Nc3 Bc5 4. Bc4 d6 5. d3 Bg4 6. Bd5 Nd4 7. Bxb7 Rb8 8.
Ba6 h6 9. Be3 Rxb2 10. Bxd4 Bxd4 11. Qd2 Bxf3 12. gxf3 c6 13. Ke2 Qa5 14. Nd5
Qxd2+ 15. Kxd2 cxd5 16. Rhg1 Rb6 17. Bc8 Bxa1 18. Rxa1 dxe4 19. fxe4 Nf6 20.
Ke3 Ke7 21. Bf5 g6 22. Bh3 Rhb8 23. Rd1 Rb1 24. Rd2 R8b2 25. c3 Rxd2 26. Kxd2
Rb2+ 27. Ke3 Rxa2 28. d4 Rb2 29. dxe5 dxe5 30. f4 exf4+ 31. Kxf4 a5 32. Bf1
Rf2+ 33. Ke3 Rxf1 34. Kd3 Rb1 0-1

[Event "Open Loire 2008-2009"]
[Site "Loire"]
[Date "2008.12.20"]
[Round "4.3"]
[White "Gregoire, Patrick"]
[Black "Mazet, Christian"]
[Result "1-0"]
[WhiteElo "1570"]
[BlackElo "1499"]
[PlyCount "63"]
[EventDate "2008.??.??"]

1. e4 c5 2. Nf3 d6 3. d4 cxd4 4. Nxd4 Nf6 5. Bd3 Nc6 6. Be3 a6 7. O-O g6 8. c3
Bg7 9. Nd2 Ng4 10. Nxc6 bxc6 11. Bf4 e5 12. Bg3 Be6 13. h3 Nf6 14. Bh4 Qb6 15.
b3 O-O 16. Qf3 Nh5 17. Nc4 Qc7 18. Ne3 Nf4 19. Bc2 d5 20. Bg5 dxe4 21. Bxe4 Bd5
22. Rfe1 Bxe4 23. Qxe4 h6 24. Bh4 g5 25. Bg3 Rad8 26. Bh2 Rd2 27. Nc4 f5 28.
Qf3 Rd3 29. Re3 Rfd8 30. Bxf4 gxf4 31. Rxd3 Rxd3 32. Qxd3 1-0

[Event "Open Loire 2008-2009"]
[Site "Loire"]
[Date "2008.12.20"]
[Round "4.4"]
[White "Martin, Julien"]
[Black "Carteron, Olivier"]
[Result "0-1"]
[WhiteElo "1460"]
[BlackElo "1620"]
[PlyCount "90"]
[EventDate "2008.??.??"]

1. e4 e5 2. Nf3 d6 3. Nc3 Bg4 4. Be2 Nf6 5. Nd5 Nxe4 6. d3 Nf6 7. Bg5 Be7 8.
Bxf6 Bxf6 9. Nxf6+ Qxf6 10. Nd2 Bf5 11. Bg4 Nd7 12. Bxf5 Qxf5 13. Qf3 Qxf3 14.
Nxf3 f6 15. O-O d5 16. c3 c5 17. Rfe1 O-O 18. b3 Rac8 19. h3 d4 20. c4 Nb8 21.
Nh4 Nc6 22. Nf5 Rfd8 23. a4 Nb4 24. Ne7+ Kf7 25. Nxc8 Rxc8 26. Re2 Nxd3 27. Rd1
Nb4 28. f3 Ke6 29. Kf2 a6 30. Red2 Rb8 31. Ke2 b5 32. cxb5 axb5 33. axb5 Rxb5
34. Ra1 Nc6 35. Ra6 Kd5 36. Rb2 f5 37. Ra8 Rb7 38. Re8 e4 39. fxe4+ fxe4 40.
Rf8 g6 41. g4 e3 42. Kd3 Ne5+ 43. Ke2 Ke4 44. Re8 d3+ 45. Ke1 c4 0-1